000
00308 a2200157 4500
001
170774
020
_a
040
_c
Magnum
100
_a
Cesar e Sezar
240
1
0
_a
Biologia - v.1
_l
por
245
1
0
_a
Biologia - v.1
362
0
_a
1899
440
1
_a
Saraiva
697
_a
PARADIDATICOS
942
_c
BK
999
_c
170774
_d
170774